[Event "It (open) St. Petersburg 300"]
[Site "St. Petersburg (Russia)"]
[Date "2003.??.??"]
[EventDate "?"]
[Round "1.40"]
[Result "0-1"]
[White "Anna Sharevich"]
[Black "Roman Ovetchkin"]
[WhiteElo "2267"]
[BlackElo "2507"]
[PlyCount "128"]

1.d4 Nf6 2.c4 e6 3.g3 Bb4+ 4.Bd2 Be7 5.Bg2 d5 6.Nf3 O-O 7.O-O
c6 8.Qb3 b6 9.Nc3 Ba6 10.cd5 cd5 11.Rfc1 Nbd7 12.Bf4 Nh5
13.Nb5 Nf4 14.gf4 Bb5 15.Qb5 a6 16.Qd3 b5 17.f5 ef5 18.Qf5 Nf6
19.Ne5 Bd6 20.Nc6 Qe8 21.e3 Qe6 22.Qe6 fe6 23.Bh3 Kf7 24.Ne5+
Ke7 25.Rc6 Rfc8 26.Rac1 Rc6 27.Rc6 Ne8 28.f4 g6 29.Nd3 Kd7
30.Ne5+ Be5 31.Re6 Bd6 32.Rg6+ Kc6 33.Rh6 a5 34.Bg2 Ra7 35.Kf2
Rf7 36.Bh3 Nf6 37.Kf3 Bf8 38.Rh4 Kd6 39.Bf5 Rc7 40.e4 de4+
41.Be4 Rc1 42.Bh7 Ra1 43.Bd3 Ra2 44.Bb5 Rb2 45.Bc4 Rb4 46.Ba2
Rd4 47.Rh8 Ke7 48.f5 a4 49.Be6 a3 50.Kg2 a2 51.Ba2 Rd2+ 52.Kf3
Ra2 53.Rh4 Kd6 54.h3 Ke5 55.Rh8 Ra3+ 56.Ke2 Ra8 57.Rh4 Kf5
58.Kf3 Ra3+ 59.Ke2 Bd6 60.Rh8 Ke4 61.Rd8 Ra2+ 62.Kd1 Bf4 63.h4
Nd5 64.h5 Be3 0-1

[Event "It (open) St. Petersburg 300"]
[Site "St. Petersburg (Russia)"]
[Date "2003.??.??"]
[EventDate "?"]
[Round "2.51"]
[Result "1-0"]
[White "Nurlan Ibraev"]
[Black "Anna Sharevich"]
[WhiteElo "2442"]
[BlackElo "2267"]
[PlyCount "57"]

1.e4 c5 2.Nf3 e6 3.d4 cd4 4.Nd4 a6 5.Nc3 b5 6.Bd3 Qb6 7.Be3
Bc5 8.Nce2 Nc6 9.c3 b4 10.Nc2 bc3 11.Nc3 Be3 12.Ne3 Qb2 13.Rc1
Ne5 14.O-O Ne7 15.Be2 O-O 16.Kh1 Qb4 17.f4 N5c6 18.Nc4 Qc5
19.e5 Nf5 20.Bd3 Nce7 21.Ne4 Qd4 22.Ned6 Qa7 23.Nf5 ef5 24.Nd6
g6 25.Qe1 Rb8 26.Qh4 Qe3 27.Bc4 Rb2 28.Qe7 Bb7 29.Bf7+ 1-0

[Event "It (open) St. Petersburg 300"]
[Site "St. Petersburg (Russia)"]
[Date "2003.??.??"]
[EventDate "?"]
[Round "9.56"]
[Result "1/2-1/2"]
[White "Anna Sharevich"]
[Black "Alexey Eliseev"]
[WhiteElo "2267"]
[BlackElo "2477"]
[PlyCount "20"]

1.d4 g6 2.e4 Bg7 3.c4 Nc6 4.Be3 e5 5.d5 Nd4 6.Ne2 c5 7.dc6 dc6
8.Nbc3 Ne7 9.Qd2 O-O 10.O-O-O c5 1/2-1/2

[Event "BLR-ch (Women)"]
[Site "Minsk"]
[Date "2003.??.??"]
[EventDate "?"]
[Round "6"]
[Result "1/2-1/2"]
[White "Svetlana Kulagina"]
[Black "Anna Sharevich"]
[WhiteElo "2068"]
[BlackElo "2250"]
[PlyCount "91"]

1. Nf3 Nf6 2. c4 e6 3. g3 c6 4. Bg2 d5 5. b3 Nbd7 6. d4 Bb4+
7. Bd2 Bd6 8. O-O O-O 9. Nc3 Rb8 10. a4 b6 11. cxd5 exd5
12. Qb1 Re8 13. b4 Nf8 14. Rc1 Ne6 15. b5 c5 16. dxc5 bxc5
17. Ng5 h6 18. Nxe6 Bxe6 19. Re1 d4 20. Ne4 Bf5 21. Nxf6+ Qxf6
22. Qc1 Be4 23. Bf4 g5 24. Bxd6 Qxd6 25. Qc4 Bxg2 26. Kxg2 Re5
27. Red1 Qe7 28. Rd2 h5 29. h3 Kg7 30. Ra3 Qb7+ 31. Kh2 g4
32. h4 Rf5 33. e3 Rd8 34. Rad3 Qd5 35. Qxd5 Rfxd5 36. exd4
cxd4 37. Kg2 f5 38. Rb2 Kf6 39. Rc2 Ke5 40. f3 f4 41. Re2+ Kf5
42. Re4 gxf3+ 43. Kxf3 fxg3 44. Rf4+ Ke5 45. Re4+ Kf5 46. Rf4+
1/2-1/2

[Event "EU-ch 4th, Women"]
[Site "Istanbul, Turkey"]
[Date "2003.06.02"]
[EventDate "2003.06.02"]
[Round "1"]
[Result "1-0"]
[White "Anna Sharevich"]
[Black "Svetlana Prudnikova"]
[WhiteElo "2252"]
[BlackElo "2426"]
[PlyCount "83"]

1. d4 Nf6 2. c4 e6 3. Nf3 b6 4. a3 Ba6 5. Qc2 c5 6. d5 exd5
7. cxd5 g6 8. Nc3 Bg7 9. g3 d6 10. Bg2 O-O 11. O-O Re8 12. Re1
b5 13. e4 Nbd7 14. h3 Qc8 15. Bf4 b4 16. Na4 b3 17. Qxb3 Nxe4
18. Qc2 f5 19. Nc3 Rb8 20. Rab1 Ndf6 21. Nd2 Nxd2 22. Qxd2 Qd7
23. Re6 Rxe6 24. dxe6 Qxe6 25. Qxd6 Qxd6 26. Bxd6 Rc8 27. Re1
Bd3 28. Bb7 Rd8 29. Bxc5 Ne4 30. Nxe4 fxe4 31. Bxe4 Bxb2
32. Bxd3 Rxd3 33. Re8+ Kf7 34. Re7+ Kf6 35. Rxa7 h5 36. Kg2 g5
37. Be7+ Kf5 38. Ra5+ Ke6 39. Bxg5 Rxa3 40. Rxa3 Bxa3 41. f4
Kf5 42. Kf3 1-0

[Event "EU-ch 4th, Women"]
[Site "Istanbul, Turkey"]
[Date "2003.06.10"]
[EventDate "2003.06.02"]
[Round "7"]
[Result "0-1"]
[White "Tatiana Stepovaia-Dianchenko"]
[Black "Anna Sharevich"]
[WhiteElo "2394"]
[BlackElo "2252"]
[PlyCount "130"]

1. e4 c5 2. Nf3 e6 3. d3 Nc6 4. g3 Be7 5. Bg2 Nf6 6. O-O O-O
7. Re1 d5 8. e5 Ne8 9. c3 Rb8 10. h4 b5 11. Bf4 b4 12. c4 Nc7
13. Nbd2 Bb7 14. Qe2 a5 15. Rad1 a4 16. h5 h6 17. Nf1 b3
18. a3 Nd4 19. Nxd4 cxd4 20. Qg4 Kh8 21. Nd2 Na6 22. Nf3 Qb6
23. Bc1 Bc5 24. Qf4 dxc4 25. dxc4 Bxf3 26. Qxf3 f5 27. exf6
Rxf6 28. Qg4 d3 29. Re3 Rbf8 30. Rexd3 Rxf2 31. Kh1 e5 32. Rf3
R2xf3 33. Bxf3 Bd4 34. Rf1 Nc5 35. Bg2 Rxf1+ 36. Bxf1 Qe6
37. Qe2 Qf5 38. Bg2 Qc2 39. Qf1 Qf2 40. Qxf2 Bxf2 41. Bd2 Bd4
42. Bb4 Nd3 43. Bc6 Nxb2 44. c5 Bxc5 45. Bc3 Nd1 46. Be1 b2
47. Be4 Bxa3 48. Kg2 Bc5 49. Bd2 a3 50. Bb1 Nf2 51. Bc3 Ng4
52. Kf3 Nf6 53. Bxe5 Nxh5 54. Kg4 Nf6+ 55. Kf5 Nd7 56. Bc3 Be7
57. Ke6 Bf6 58. Bxb2 axb2 59. Kxd7 h5 60. Ke6 g5 61. Kf5 Kg7
62. Ba2 Bd8 63. Bb1 Kh6 64. Ke4 Be7 65. Kf3 g4+ 0-1

[Event "RUS-Cup 300 years"]
[Site "St Petersburg"]
[Date "2003.10.23"]
[EventDate "2003.10.18"]
[Round "6"]
[Result "1-0"]
[White "Vladimir Grabinsky"]
[Black "Anna Sharevich"]
[WhiteElo "2361"]
[BlackElo "2267"]
[PlyCount "49"]

1. e4 c5 2. b4 cxb4 3. a3 d5 4. exd5 Qxd5 5. Nf3 e5 6. Bb2 Nc6
7. c4 Qe6 8. Bd3 Bc5 9. O-O bxa3 10. Nxa3 Bxa3 11. Rxa3 Nge7
12. Re1 f6 13. Bb1 Qf7 14. d4 exd4 15. Nxd4 O-O 16. Nb5 Ng6
17. Nd6 Qc7 18. Qd5+ Kh8 19. Bxg6 Ne7 20. Nf7+ Kg8 21. Bxh7+
Kxh7 22. Qh5+ Kg8 23. Nh6+ gxh6 24. Rg3+ Kh7 25. Rxe7+ 1-0

[Event "ACP Blitz Prelim3"]
[Site "playchess.com INT"]
[Date "2004.??.??"]
[EventDate "?"]
[Round "10"]
[Result "0-1"]
[White "Anna Sharevich"]
[Black "Laurent Fressinet"]
[WhiteElo "2240"]
[BlackElo "2638"]
[PlyCount "44"]

1. d4 d5 2. Nf3 Nf6 3. c4 c6 4. Nc3 e6 5. g3 Nbd7 6. Bg2 dxc4
7. a4 Be7 8. Nd2 e5 9. Nxc4 exd4 10. Qxd4 O-O 11. O-O Nc5
12. Qxd8 Rxd8 13. e4 Nd3 14. Be3 Be6 15. Nd2 Ng4 16. Bf4 Nxf4
17. gxf4 Rxd2 18. h3 Nxf2 19. Rxf2 Bc5 20. Raf1 Bc4 21. Nd1
Bxf1 22. Kxf1 Rxd1+ 0-1

[Event "World Junior Championship (Girls)"]
[Site "Istanbul TUR"]
[Date "2005.11.19"]
[EventDate "2005.11.09"]
[Round "10"]
[Result "0-1"]
[White "Bianca de Jong-Muhren"]
[Black "Anna Sharevich"]
[WhiteElo "2260"]
[BlackElo "2305"]
[PlyCount "100"]

1. e4 c5 2. Nf3 e6 3. d4 cxd4 4. Nxd4 a6 5. Nc3 b5 6. Bd3 Qb6
7. Nb3 Qc7 8. Qe2 Bb7 9. O-O b4 10. Nd1 Nc6 11. f4 d6 12. Bd2
Nf6 13. Nf2 Be7 14. Rae1 a5 15. c3 e5 16. Rc1 bxc3 17. Bxc3 a4
18. Nd2 O-O 19. Nf3 Nd7 20. Bb5 Qb6 21. Rfd1 Ba6 22. Bxa6 Rxa6
23. Rd5 exf4 24. Nd4 Nde5 25. Nf5 Bg5 26. Rcd1 Raa8 27. Rxd6
Qc7 28. Nh3 h6 29. Qb5 f6 30. Qd5+ Kh8 31. Rc1 Qa7+ 32. Kh1 f3
33. Nxg5 hxg5 34. Rf1 Qa6 35. Ng3 fxg2+ 36. Kxg2 Qc8 37. Nf5
Qe8 38. Ng3 Ne7 39. Qd1 N7g6 40. Qh5+ Kg8 41. Qd1 Nf4+ 42. Kh1
Nc4 43. Rd4 Ne3 44. Qf3 Nxf1 45. Qxf1 Rd8 46. Qc4+ Kh8 47. Bb4
Rxd4 48. Qxd4 Rf7 49. Nf5 Rd7 50. Nd6 Qh5 0-1

[Event "World Junior Championship (Girls)"]
[Site "Istanbul TUR"]
[Date "2005.11.20"]
[EventDate "2005.11.09"]
[Round "11"]
[Result "1/2-1/2"]
[White "Anna Sharevich"]
[Black "Marina Romanko Nechaeva"]
[WhiteElo "2305"]
[BlackElo "2363"]
[PlyCount "78"]

1. d4 Nf6 2. c4 e6 3. g3 c5 4. d5 exd5 5. cxd5 d6 6. Nc3 g6
7. Nf3 Bg7 8. Bg2 O-O 9. O-O Re8 10. Bf4 a6 11. a4 h6 12. h3
g5 13. Bc1 Nbd7 14. h4 g4 15. Ne1 Ne5 16. Nd3 Nfd7 17. Nf4 Rb8
18. Nh5 Bf8 19. f4 gxf3 20. exf3 Nf6 21. Nxf6+ Qxf6 22. Ne4
Qg7 23. Bf4 f5 24. Nc3 b5 25. axb5 axb5 26. Qe2 c4 27. Bxe5
dxe5 28. Kh2 Bd6 29. Qf2 Bd7 30. Ra6 Qe7 31. Qd2 Kh7 32. Ne2
Rg8 33. f4 e4 34. Bh3 Bc5 35. Qc3 Qg7 36. Qe5 Rgf8 37. Rd1
Rbe8 38. Qc7 Rc8 39. Qe5 Rce8 1/2-1/2

[Event "3rd Elizabet Bykova memorial"]
[Site "Vladimir"]
[Date "2005.12.07"]
[EventDate "?"]
[Round "1"]
[Result "0-1"]
[White "Tatiana Shadrina"]
[Black "Anna Sharevich"]
[WhiteElo "2386"]
[BlackElo "2305"]
[PlyCount "72"]

1. e4 c5 2. Nf3 e6 3. d4 cxd4 4. Nxd4 a6 5. Bd3 Bc5 6. Nb3 Be7
7. Qg4 g6 8. Qe2 d6 9. O-O Nd7 10. Nc3 Qc7 11. Bd2 Ngf6
12. Bh6 Bf8 13. Bg5 Bg7 14. f4 Nc5 15. Kh1 O-O 16. Nxc5 Qxc5
17. Rae1 Nd7 18. f5 b5 19. Be7 Re8 20. f6 Ne5 21. Rd1 Bd7
22. a3 Bh6 23. Qe1 Nc6 24. Bxb5 axb5 25. Bxd6 Qh5 26. e5 Na5
27. Bc7 Bc6 28. Rd6 Bf8 29. Rd3 Nc4 30. Ne4 Qg4 31. Rd4 Bc5
32. h3 Qh5 33. Rd3 Nxb2 34. Rc3 Bxe4 35. Qxe4 Nc4 36. Rd1
Qxd1+ 0-1

[Event "3rd Elizabet Bykova memorial"]
[Site "Vladimir"]
[Date "2005.12.08"]
[EventDate "?"]
[Round "2"]
[Result "1/2-1/2"]
[White "Anna Sharevich"]
[Black "Natalia Pogonina"]
[WhiteElo "2305"]
[BlackElo "2401"]
[PlyCount "93"]

1. d4 Nf6 2. c4 c5 3. d5 b5 4. cxb5 a6 5. b6 e6 6. Nc3 exd5
7. Nxd5 Nxd5 8. Qxd5 Nc6 9. Nf3 Rb8 10. e4 Be7 11. Bc4 O-O
12. O-O Rxb6 13. Qh5 d6 14. b3 Be6 15. Bxe6 fxe6 16. Qg4 Qc8
17. Bb2 Bf6 18. e5 Nxe5 19. Nxe5 Bxe5 20. Bxe5 dxe5 21. Rac1
Rd6 22. Qe2 Rd5 23. b4 Rfd8 24. Rxc5 Rxc5 25. bxc5 Rd5 26. Rc1
Rxc5 27. Rxc5 Qxc5 28. Qxa6 Qc1+ 29. Qf1 Qd2 30. Qa1 Kf7
31. a4 Qa5 32. h3 Ke8 33. Qd1 Ke7 34. Qc2 g6 35. Qe4 Kd6
36. Qd3+ Kc6 37. Qc4+ Kd6 38. Qd3+ Kc6 39. Qf3+ Kd6 40. Qa3+
Kd7 41. f3 e4 42. fxe4 Qe1+ 43. Kh2 Qxe4 44. a5 Qe5+ 45. Kh1
Qe1+ 46. Kh2 Qe5+ 47. Kh1 1/2-1/2

[Event "3rd Elizabet Bykova memorial"]
[Site "Vladimir"]
[Date "2005.12.09"]
[EventDate "?"]
[Round "3"]
[Result "1-0"]
[White "Svetlana Petrenko"]
[Black "Anna Sharevich"]
[WhiteElo "2327"]
[BlackElo "2305"]
[PlyCount "139"]

1. e4 c5 2. Nf3 e6 3. d4 cxd4 4. Nxd4 a6 5. c4 Nf6 6. Nc3 Qc7
7. Be3 d6 8. Be2 b6 9. O-O Bb7 10. f3 Nbd7 11. Rc1 Rc8 12. Kh1
Be7 13. Qe1 O-O 14. Qf2 Qb8 15. g4 g6 16. Nb3 Bd8 17. Rcd1 Bc7
18. Bh6 Rfe8 19. g5 Nh5 20. f4 Ng7 21. Bf3 Qa8 22. Bg2 Rcd8
23. Nd2 Nh5 24. Qh4 Bc6 25. b4 b5 26. cxb5 axb5 27. Rc1 Bb6
28. Qh3 Bd4 29. Qd3 Bg7 30. Bxg7 Nxg7 31. Nb3 d5 32. Na5 dxe4
33. Qe2 Nf5 34. Nxc6 Qxc6 35. Nxe4 Qb6 36. Rfd1 Kg7 37. Qb2+
e5 38. Rxd7 Rxd7 39. Nf6 Ree7 40. Nxd7 Rxd7 41. Qxe5+ f6
42. gxf6+ Qxf6 43. Qxb5 Re7 44. Qc5 Kh6 45. Qf2 Ne3 46. h3
Nxg2 47. Kxg2 Re4 48. Qd2 Rxf4 49. Rc5 g5 50. b5 Rd4 51. Qe2
Rd6 52. h4 g4 53. Qe3+ Kg7 54. Qg5+ Qxg5 55. Rxg5+ Kf6 56. a4
Rd2+ 57. Kg3 Rd3+ 58. Kf2 Rd4 59. a5 Ke6 60. Kg3 Ra4 61. a6
Kd6 62. Rxg4 Ra3+ 63. Kf4 Kc5 64. Rg5+ Kb6 65. Re5 Rd3 66. Kg5
Rd6 67. h5 Rd1 68. Re8 Rd5+ 69. Kh6 Rd7 70. Rb8+ 1-0

[Event "3rd Elizabet Bykova memorial"]
[Site "Vladimir"]
[Date "2005.12.10"]
[EventDate "?"]
[Round "4"]
[Result "0-1"]
[White "Anna Sharevich"]
[Black "Irina Sudakova"]
[WhiteElo "2305"]
[BlackElo "2366"]
[PlyCount "62"]

1. d4 d5 2. c4 e6 3. Nf3 Nf6 4. g3 dxc4 5. Bg2 c5 6. Qa4+ Bd7
7. Qxc4 b5 8. Qc2 Na6 9. a3 Rc8 10. Nc3 Bc6 11. dxc5 Bxc5
12. O-O Qb6 13. e3 O-O 14. Bd2 Qb7 15. Ne1 Nb8 16. b4 Be7
17. e4 Nbd7 18. f4 Nb6 19. e5 Nfd5 20. Nf3 Nc4 21. Qd3 Nxb4
22. axb4 Rfd8 23. Nd4 Bxg2 24. Rf2 Nxd2 25. Rxd2 Bxb4 26. Rc1
Bc5 27. Qe3 Bh3 28. Rcc2 Bxd4 29. Rxd4 Rxd4 30. Qxd4 h6
31. Rd2 Qf3 0-1

[Event "3rd Elizabet Bykova memorial"]
[Site "Vladimir"]
[Date "2005.12.11"]
[EventDate "?"]
[Round "5"]
[Result "1/2-1/2"]
[White "Firuza Velikhanli"]
[Black "Anna Sharevich"]
[WhiteElo "2319"]
[BlackElo "2305"]
[PlyCount "87"]

1. e4 c5 2. Nf3 e6 3. d4 cxd4 4. Nxd4 a6 5. Nc3 b5 6. Bd3 Qb6
7. Nb3 Qc7 8. O-O Bb7 9. a4 b4 10. Na2 Nf6 11. Qe2 Nc6 12. c3
bxc3 13. Nxc3 Bd6 14. h3 O-O 15. Bg5 Qb6 16. Bc2 Be5 17. Be3
Qc7 18. f4 Bxc3 19. bxc3 d6 20. a5 e5 21. Bb6 Qe7 22. fxe5
Nxe5 23. Nd4 g6 24. Nf3 Nfd7 25. Bd4 Bc6 26. Qe3 Nxf3+
27. Rxf3 Ne5 28. Rf4 Rab8 29. Bd3 Bb5 30. c4 Bxc4 31. Bxc4
Nxc4 32. Qd3 Ne5 33. Qxa6 Rb4 34. Rd1 Qg5 35. Qf1 Ra4 36. Bb6
Ra3 37. Kh1 Qg3 38. Bc7 Nc4 39. Rf3 Rxf3 40. Qxf3 Qxf3
41. gxf3 Rc8 42. Bb6 Rb8 43. Bc7 Rc8 44. Bb6 1/2-1/2

[Event "3rd Elizabet Bykova memorial"]
[Site "Vladimir"]
[Date "2005.12.12"]
[EventDate "?"]
[Round "6"]
[Result "1-0"]
[White "Olga Zimina"]
[Black "Anna Sharevich"]
[WhiteElo "2397"]
[BlackElo "2305"]
[PlyCount "103"]

1. e4 c5 2. Nf3 e6 3. d4 cxd4 4. Nxd4 a6 5. Bd3 Bc5 6. Nb3 Be7
7. Qg4 g6 8. Qe2 d6 9. O-O Nd7 10. a4 b6 11. Be3 Bb7 12. Nc3
Qc7 13. f4 Ngf6 14. Rae1 O-O 15. Nd4 Nc5 16. Bd2 Nfd7 17. Nf3
Bf6 18. Kh1 Bg7 19. Qf2 Rae8 20. Qh4 Nxd3 21. cxd3 Nc5 22. f5
exf5 23. exf5 Rxe1 24. Nxe1 f6 25. Qg3 g5 26. Qg4 Qc6 27. Rf3
Nd7 28. Re3 Ne5 29. Qe2 Bc8 30. d4 Nc4 31. d5 Qd7 32. Re7 Qd8
33. Rxg7+ Kxg7 34. Qxc4 Bxf5 35. Qxa6 Re8 36. Nf3 Bc8 37. Qd3
Qe7 38. h3 h5 39. b4 h4 40. Qd4 Kf7 41. Qxb6 g4 42. hxg4 Bxg4
43. Qf2 Rh8 44. Nxh4 f5 45. g3 Qe5 46. Qf4 Qf6 47. Kg1 Rc8
48. Nb5 Ke7 49. Qe3+ Kf7 50. Bc3 Qe7 51. Qh6 Rd8 52. Nc7 1-0

[Event "3rd Elizabet Bykova memorial"]
[Site "Vladimir"]
[Date "2005.12.13"]
[EventDate "?"]
[Round "7"]
[Result "1/2-1/2"]
[White "Anna Sharevich"]
[Black "Tatiana Kononenko"]
[WhiteElo "2305"]
[BlackElo "2423"]
[PlyCount "97"]

1. d4 d5 2. c4 c6 3. Nf3 Nf6 4. Qc2 dxc4 5. Qxc4 Bg4 6. Nbd2
Nbd7 7. g3 e6 8. a3 Be7 9. Bg2 O-O 10. O-O Bh5 11. e4 Bxf3
12. Bxf3 e5 13. Nb3 a5 14. Be3 a4 15. Nc1 Qa5 16. Nd3 Bd6
17. Nc5 exd4 18. Nxd7 Nxd7 19. Qxd4 Ne5 20. Be2 Rad8 21. f4
Bc7 22. Qc3 Nd7 23. Rad1 Nf6 24. Qxa5 Bxa5 25. e5 Nd5 26. Bc5
Rfe8 27. Bc4 Bb6 28. Bxb6 Nxb6 29. Ba2 Kf8 30. Kf2 h5 31. h3
Ke7 32. Kf3 Nd7 33. Rc1 h4 34. g4 g5 35. Rfe1 f6 36. e6 Nb6
37. Rcd1 Rg8 38. Ke4 gxf4 39. Kxf4 Rxd1 40. Rxd1 Rg5 41. Rd4
c5 42. Re4 Nd5+ 43. Bxd5 Rxd5 44. Rxa4 Kxe6 45. Ra7 Rd7
46. Ke4 Rd4+ 47. Ke3 Rd7 48. Ke4 Rd4+ 49. Ke3 1/2-1/2

[Event "3rd Elizabet Bykova memorial"]
[Site "Vladimir"]
[Date "2005.12.15"]
[EventDate "?"]
[Round "7"]
[Result "1-0"]
[White "Sandugach Shaydullina"]
[Black "Anna Sharevich"]
[WhiteElo "2331"]
[BlackElo "2305"]
[PlyCount "55"]

1. d4 d5 2. Nf3 Nf6 3. c4 e6 4. Nc3 Be7 5. Bf4 O-O 6. e3 c5
7. dxc5 Bxc5 8. a3 Nc6 9. cxd5 exd5 10. Be2 Be6 11. O-O Rc8
12. Rc1 Be7 13. h3 Qa5 14. Bd3 Rfd8 15. Nb5 a6 16. Nbd4 Ne4
17. Nxe6 fxe6 18. Ne5 Bf6 19. Nxc6 bxc6 20. Qg4 Re8 21. Rc2 e5
22. Bxe4 exf4 23. Bf5 Rb8 24. Rxc6 Rf8 25. e4 Rxb2 26. e5 Bxe5
27. Qh5 g6 28. Be6+ 1-0

[Event "3rd Elizabet Bykova memorial"]
[Site "Vladimir"]
[Date "2005.12.16"]
[EventDate "?"]
[Round "9"]
[Result "0-1"]
[White "Anna Sharevich"]
[Black "Elisabeth Paehtz"]
[WhiteElo "2305"]
[BlackElo "2408"]
[PlyCount "74"]

1. d4 e6 2. c4 Nf6 3. g3 d5 4. Bg2 dxc4 5. Nf3 a6 6. O-O Nc6
7. a4 Rb8 8. Nc3 Na5 9. Bf4 Bd6 10. Bg5 Be7 11. e4 h6 12. Bf4
Nb3 13. Ra2 O-O 14. Qe2 b5 15. axb5 axb5 16. Ra7 Ne8 17. Rd1
Bd7 18. d5 Bc5 19. Ra2 exd5 20. Nxd5 Ra8 21. Rxa8 Qxa8
22. Ne7+ Bxe7 23. Rxd7 Bd6 24. e5 Nc5 25. exd6 Nxd7 26. dxc7
Qc8 27. Bh3 Nxc7 28. Ne5 Ne6 29. Bxe6 fxe6 30. Ng6 Re8 31. Bd6
Qd8 32. Bb4 Qg5 33. Nf4 Nf6 34. Bd2 Qf5 35. h3 Qc2 36. Qe1 e5
37. Ne2 Rd8 0-1

[Event "3rd Elizabet Bykova memorial"]
[Site "Vladimir"]
[Date "2005.12.17"]
[EventDate "?"]
[Round "10"]
[Result "1-0"]
[White "Maria Kursova"]
[Black "Anna Sharevich"]
[WhiteElo "2312"]
[BlackElo "2305"]
[PlyCount "73"]

1. d4 d5 2. Nf3 Nf6 3. c4 e6 4. Nc3 Be7 5. Bg5 h6 6. Bh4 O-O
7. e3 b6 8. Bd3 Bb7 9. O-O Nbd7 10. Bg3 dxc4 11. Bxc4 Nh5
12. Qe2 Nxg3 13. hxg3 a6 14. a3 c5 15. dxc5 bxc5 16. Bd3 Qc7
17. Be4 Bxe4 18. Nxe4 Qc6 19. Qc2 Rfc8 20. Rac1 Qb7 21. Rfd1
Rab8 22. Rb1 Nb6 23. Ne5 c4 24. Nc3 Bf6 25. Ng4 Bxc3 26. bxc3
Qc7 27. e4 h5 28. Ne3 Qc6 29. Rd4 g6 30. g4 hxg4 31. Nxg4 Kg7
32. Qd2 Rh8 33. Qg5 Qc7 34. Rbd1 Rbf8 35. Qf6+ Kh7 36. g3 Qc5
37. Kg2 1-0

[Event "3rd Elizabet Bykova memorial"]
[Site "Vladimir"]
[Date "2005.12.18"]
[EventDate "?"]
[Round "11"]
[Result "1-0"]
[White "Anna Sharevich"]
[Black "Anna Burtasova"]
[WhiteElo "2305"]
[BlackElo "2260"]
[PlyCount "107"]

1. d4 d5 2. c4 e6 3. g3 g6 4. Nf3 Bg7 5. Bg2 Ne7 6. O-O O-O
7. Qc2 Nbc6 8. e3 a5 9. a3 b6 10. Nbd2 Ba6 11. Rd1 a4 12. Bf1
Qd7 13. Qxa4 Bxc4 14. Qc2 Bxf1 15. Rxf1 Nf5 16. Rb1 Nce7
17. b4 Rfc8 18. Bb2 Nd6 19. Rfc1 Ra7 20. Ne5 Bxe5 21. dxe5 Nb7
22. Qd3 c5 23. Ne4 Qa4 24. Nd6 Rd8 25. Qe2 c4 26. Qf3 Rf8
27. e4 Qc6 28. exd5 Qxd5 29. Ne4 Qd3 30. Nf6+ Kg7 31. Qxd3
cxd3 32. Rc7 Nf5 33. Ne4 Rfa8 34. Rd1 Nd8 35. Rxa7 Rxa7
36. Rxd3 Nc6 37. g4 Nfe7 38. Nf6 Ra8 39. b5 Na5 40. Rd7 Nc4
41. Bd4 Ng8 42. Ne4 Nh6 43. Nd6 Nxa3 44. Bxb6 Nxg4 45. Nxf7
Nxb5 46. h3 Ra1+ 47. Kg2 Nh6 48. Nd6+ Kg8 49. Rd8+ Kg7
50. Nxb5 Rb1 51. Bc5 Nf7 52. Bf8+ Kg8 53. Rc8 Rxb5 54. Bh6+
1-0

[Event "Russian Club Championship: Women"]
[Site "Sochi RUS"]
[Date "2006.04.24"]
[EventDate "2006.04.20"]
[Round "5"]
[Result "0-1"]
[White "Anna Sharevich"]
[Black "Irina Sudakova"]
[WhiteElo "2281"]
[BlackElo "2391"]
[PlyCount "135"]

1. d4 Nf6 2. c4 e6 3. g3 d5 4. Bg2 dxc4 5. Nf3 Bb4+ 6. Bd2 a5
7. O-O Nc6 8. e3 O-O 9. Qc2 e5 10. Nxe5 Nxe5 11. dxe5 Ng4
12. Bxb4 axb4 13. Qxc4 Qe7 14. Nd2 Nxe5 15. Qc2 Rd8 16. Nb3 c6
17. h3 Be6 18. Nd4 Bd5 19. b3 Bxg2 20. Kxg2 c5 21. Nf5 Qf6
22. Qe4 g6 23. Nh6+ Kg7 24. Ng4 Nxg4 25. hxg4 Rd2 26. Qxb7
Raxa2 27. Rxa2 Rxa2 28. Qf3 Rc2 29. Rd1 c4 30. bxc4 Rxc4
31. Rd7 Qe6 32. Rb7 Rxg4 33. Rxf7+ Qxf7 34. Qxg4 Qd5+ 35. e4
Qb7 36. Qf4 b3 37. Qe5+ Kf7 38. Qf4+ Ke6 39. Qg4+ Kd6 40. Qf4+
Kc5 41. Qe3+ Kc4 42. Qe2+ Kb4 43. Qe1+ Ka4 44. Qa1+ Kb5
45. Qf1+ Kc5 46. Qc1+ Kd6 47. Qf4+ Ke6 48. Qg4+ Kf7 49. Qf4+
Kg8 50. Qc1 b2 51. Qb1 Qb3 52. f4 Kg7 53. Kh2 Kf8 54. e5 Ke7
55. Kh3 Qe6+ 56. Kh2 Qb6 57. Kh3 Qb4 58. Kg4 Qd2 59. Qg1 Qd7+
60. Kh4 h5 61. e6 Qxe6 62. Qa7+ Kf8 63. Qb8+ Kf7 64. Kg5 Qf6+
65. Kh6 g5+ 66. Kxh5 Qg6+ 67. Kg4 gxf4+ 68. Kxf4 0-1

[Event "Russian Club Championship: Women"]
[Site "Sochi RUS"]
[Date "2006.04.25"]
[EventDate "2006.04.20"]
[Round "6"]
[Result "0-1"]
[White "Kristina Mokhova"]
[Black "Anna Sharevich"]
[WhiteElo "2156"]
[BlackElo "2281"]
[PlyCount "66"]

1. e4 c5 2. Nf3 e6 3. c3 Nf6 4. e5 Nd5 5. d4 cxd4 6. cxd4 Nc6
7. a3 Be7 8. Bd3 Qa5+ 9. Kf1 b5 10. Nbd2 Qb6 11. a4 Ba6
12. axb5 Bxb5 13. Nc4 Qb8 14. Qe2 O-O 15. h4 f5 16. g3 Ncb4
17. Kg2 Nxd3 18. Qxd3 Nb6 19. b3 Rc8 20. Bg5 Nxc4 21. bxc4
Bxc4 22. Qe3 Bb4 23. Rhb1 Bd5 24. Be7 a5 25. Bd6 Qb7 26. Ra4
Qc6 27. Raxb4 axb4 28. Bxb4 Rab8 29. Rb2 Qc1 30. Qxc1 Rxc1
31. Bd2 Rxb2 32. Bxc1 Rb3 33. Be3 g6 0-1

[Event "Russian Club Championship: Women"]
[Site "Sochi RUS"]
[Date "2006.04.26"]
[EventDate "2006.04.20"]
[Round "7"]
[Result "1-0"]
[White "Anna Sharevich"]
[Black "Anna Dushenok"]
[WhiteElo "2281"]
[BlackElo "2168"]
[PlyCount "91"]

1. d4 Nf6 2. c4 c5 3. d5 d6 4. Nc3 g6 5. g3 Bg7 6. Bg2 O-O
7. Nf3 Na6 8. O-O Nc7 9. h3 e6 10. e4 exd5 11. cxd5 Nfe8
12. Bf4 f6 13. a4 b6 14. Re1 Rb8 15. Nd2 a6 16. Nc4 b5 17. Na5
Bd7 18. Nc6 Bxc6 19. dxc6 bxa4 20. Nxa4 Kh8 21. Qd2 Ne6
22. Be3 N8c7 23. Nc3 Rb4 24. Nd5 Nxd5 25. exd5 Nc7 26. Bh6
Bxh6 27. Qxh6 Rxb2 28. Re4 Rf7 29. Rae1 Kg8 30. h4 f5 31. R4e3
Qf8 32. Qg5 Rb4 33. Re7 Rg4 34. Rxf7 Kxf7 35. Qd2 h5 36. Qa5
Qb8 37. Re6 Nxe6 38. dxe6+ Kxe6 39. c7 Qc8 40. Qb6 Rb4 41. Bb7
Rxb6 42. Bxc8+ Ke7 43. Bb7 Rxb7 44. c8=Q Rd7 45. Qxa6 Rc7
46. Qc4 1-0

[Event "Russian Club Championship: Women"]
[Site "Sochi RUS"]
[Date "2006.04.27"]
[EventDate "2006.04.20"]
[Round "8"]
[Result "0-1"]
[White "Karina Ambartsumova"]
[Black "Anna Sharevich"]
[WhiteElo "2176"]
[BlackElo "2281"]
[PlyCount "110"]

1. e4 c5 2. Nf3 e6 3. d4 cxd4 4. Nxd4 a6 5. Bd3 Nf6 6. O-O Qc7
7. Qe2 d6 8. Bd2 Be7 9. Kh1 Nc6 10. Nb3 O-O 11. f4 b6 12. Nc3
Bb7 13. Rae1 Rfe8 14. e5 Nd7 15. exd6 Bxd6 16. Ne4 Bf8 17. Ng5
g6 18. Bc3 Bg7 19. f5 exf5 20. Qxe8+ Rxe8 21. Rxe8+ Nf8
22. Bxg7 Kxg7 23. Rfe1 Qf4 24. Nh3 Qh4 25. R8e2 Ne6 26. Rf1
Nb4 27. Kg1 Nxd3 28. cxd3 Qg4 29. Ref2 f4 30. Nd2 g5 31. Ne4
Bxe4 32. dxe4 Nd4 33. Kh1 f3 34. Ng1 fxg2+ 35. Rxg2 Qxe4
36. Rff2 h6 37. h3 Ne6 38. Ne2 Kf8 39. Rf1 h5 40. Kg1 g4
41. hxg4 hxg4 42. Ng3 Qe3+ 43. Kh2 Qh6+ 44. Kg1 Qe3+ 45. Kh2
Ng5 46. Rc2 Nf3+ 47. Kg2 Ne1+ 48. Rxe1 Qxe1 49. Rf2 Qe6 50. b3
Qh6 51. Kg1 Qh3 52. Nf1 Kg7 53. Nd2 g3 54. Rg2 f5 55. Nf3 Qg4
0-1

[Event "37th Chess Olympiad: Women"]
[Site "Turin ITA"]
[Date "2006.05.21"]
[EventDate "2006.05.21"]
[Round "1"]
[Result "0-1"]
[White "Sue Maroroa"]
[Black "Anna Sharevich"]
[WhiteElo "1934"]
[BlackElo "2281"]
[PlyCount "44"]

1. e4 c5 2. Nc3 e6 3. Bc4 a6 4. a3 b5 5. Ba2 Bb7 6. d3 Be7
7. f4 b4 8. axb4 cxb4 9. Nce2 f5 10. Ng3 Nf6 11. Qe2 Nc6
12. Nf3 g6 13. h3 h5 14. e5 Ng8 15. h4 Nh6 16. Be3 Ng4 17. d4
Na5 18. Rd1 b3 19. cxb3 Bd5 20. Bd2 Nc6 21. Bc3 a5 22. Bb1 Nb4
0-1